| 000 | 00534nam a2200181Ia 4500 | ||
|---|---|---|---|
| 003 | GCL | ||
| 008 | 140319s9999 xx 000 0 ara d | ||
| 040 |
_aGCL / _cGCL |
||
| 082 | 0 | 4 |
_a025.32 _bس و |
| 100 | 1 | _aسيد حسب الله | |
| 245 | 1 | 0 |
_aالوصف البيلوجرافى للكتب / _cسيد حسب الله |
| 260 |
_a[S.N] : _bمعهد الادارة العامة ، _c1988 |
||
| 490 | _a | ||
| 650 | 0 | 4 | _aالفهرسة |
| 650 | 0 | 4 | _aالمكتبات |
| 650 | 0 | 4 | _aالفهرسة الوصفية |
| 942 |
_2ddc _cBK |
||
| 999 |
_c29826 _d29826 |
||